Testimonio del 1j4 : (Registro nro. 7733)

Detalles MARC
000 -LIDER
fixed length control field 00723nam a2200229 a 4500
001 - NÚMERO DE CONTROL
Identificador de número de control 000037918
003 - IDENTIFICACDOR DE NÚMERO DE CONTROL
control field DO-SdBNP
005 - DATE AND TIME OF LATEST TRANSACTION
control field 20171020111808.0
007 - CAMPOS FIJOS DE DESCRIPCIÓN FÍSICA
fixed length control field 000037918
008 - ELEMENTOS DE LONGITUD FIJA
fixed length control field 130308s2007 dr ac 000 0 spa d
040 ## - FUENTE DE CATALOGACIÓN
Agencia que crea de manera original el registro BPMSU
Idioma de catalogación spa
Agencia que realiza la transcripción BPMSU
100 1# - ASIENTO PRINCIPAL -- NOMBRE PERSONAL
Nombre personal Santos, Rafael
Fechas asociadas con el nombre 1968-
245 10 - MENCIÓN DE TITULO
Título Testimonio del 1j4 :
Subtítulo salcedo y su participación /
Mención de responsabilidad Rafael Santos.
250 ## - MENCIÓN DE EDICION
Mención de edición 2a ed.
260 ## - PUBLICACIÓN, DISTRIBUCIÓN, ETC. (PIE DE IMPRENTA)
Lugar de publicación, distribución, etc Santo Domingo :
Nombre del editor, distribuidor, etc. Impresos F y M,
Fecha de publicación, distribución, etc 2007.
300 ## - DESCRIPCIÓN FÍSICA
Extensión 68 P. :
Otros detalles físicos ils., retr. ;
Dimensiones 22 cm.
500 ## - NOTA GENERAL
Nota general Incluye datos biográficos del autor en la contracubierta
500 ## - NOTA GENERAL
Nota general Incluye notas al pie de las páginas
942 ## - ADDED ENTRY ELEMENTS (KOHA)
Source of classification or shelving scheme Dewey Decimal Classification
Koha item type Libros
945 ## - INFORMACIÓN DE PROCESAMIENTO LOCAL
Información de procesamiento local Inventariado / 2017 VM
956 ## - LOCAL ELECTRONIC LOCATION AND ACCESS (OCLC)
Nombre de host VMATEO
Número de acceso 10
Información de compresión 20150428
Inicio de sesión BPMSU
Procesador de solicitud 00151
Existencias
Withdrawn status Lost status Source of classification or shelving scheme Damaged status Not for loan Collection code Home library Current library Date acquired Source of acquisition Total Checkouts Barcode Date last seen Price effective from Koha item type Copy number
    Dewey Decimal Classification     Colección Dominicana Biblioteca Pública Metropolitana Salomé Ureña Biblioteca Pública Metropolitana Salomé Ureña 04/28/2015 FUNDI   BPMSU15041428 04/28/2015 04/28/2015 Libros  
    Dewey Decimal Classification     Colección Dominicana Biblioteca Pública Metropolitana Salomé Ureña Biblioteca Pública Metropolitana Salomé Ureña 04/28/2015 FUNDI   BPMSU15041429 04/28/2015 04/28/2015 Libros e. 2
    Dewey Decimal Classification     Colección Dominicana Biblioteca Pública Metropolitana Salomé Ureña Biblioteca Pública Metropolitana Salomé Ureña 04/28/2015 FUNDI   BPMSU15041430 04/28/2015 04/28/2015 Libros e. 3